Logo BPK

Biblioteka

Politechniki Koszalińskiej

Wykresy równowag elektrochemicznych niektórych pierwiastków rzadkich występujących w złożach miedzi / (Rekord nr 15801)

Szczegóły MARC
000 -ETYKIETA REKORDU
podpole kontrolne o stałej długości 00507nam a2200157 i 4500
001 - NUMER KONTROLNY REKORDU
pole kontrolne bg
040 ## - ŹRÓDŁO KATALOGOWANIA
Instytucja, która utworzyła rekord BPK
041 ## - KOD JĘZYKA
Kod języka tekstu pol
008 - POLE O STAŁEJ DŁUGOŚCI - DANE KONTROLNE
podpole kontrolne o stałej długości s pl f |000 0 pol
100 1# - NAZWA OSOBOWA
Nazwa osobowa Jasiński, Andrzej
Daty związane z nazwą (1948- ).
245 #0 - TYTUŁ/ODPOWIEDZIALNOŚĆ
Tytuł Wykresy równowag elektrochemicznych niektórych pierwiastków rzadkich występujących w złożach miedzi /
Pozostałe elementy strefy tytułu i oznaczenia odpowiedzialności A. Jasiński, J. Kowalczyk, M. Żakowicz.
260 ## - STREFA ADRESU WYDAWNICZEGO
Miejsce wydania Wrocław,
Data publikacji, dystrybucji/powstania dokumentu 1974.
700 1# - HASŁO DODATKOWE - NAZWA OSOBOWA
Nazwa osobowa Kowalczyk, Jerzy
Dopowiedzenie (chemik).
700 1# - HASŁO DODATKOWE - NAZWA OSOBOWA
Nazwa osobowa Żakowicz, Maria.
856 ## - LOKALIZACJA I DOSTĘP DO ELEKTRONICZNYCH DOKUMENTÓW ZDALNYCH
Link (URL) http://koha.tu.koszalin.pl/cgi-bin/koha/opac-detail.pl?biblionumber=15801
Tekst linku Katalog online BPK
942 ## - DODATKOWE ELEMENTY (KOHA)
Typ dokumentu Książka
Egzemplarze
Wycofany Status egzemplarza Uszkodzony Dostępność Lokalizacja stała Lokalizacja bieżąca Miejsce przechowywania Sygnatura Kod kreskowy Typ dokumentu
      Dostępny Biblioteka Politechniki Koszalińskiej Biblioteka Politechniki Koszalińskiej Wypożyczalnia BG 19153 01704006 Książka
© 2023 Biblioteka Politechniki Koszalińskiej :: KOHA